000 00689cam a22001937i 4500
005 20251108175029.0
008 250721s2012 jo gr 000 0 ara d
082 1 4 _a001.42
_bخ ر أ
100 1 _aالخرابشة، عمر محمد عبدالله
_eمؤلف.
245 1 0 _aأساليب البحث العلمي /
_cتأليف الدكتور عمر محمد عبدالله الخرابشة.
250 _aالطبعة الثانية.
264 3 1 _aعمان :
_bدار وائل للنشر والتوزيع,
_c2012.
300 _a320 صفحة.
650 1 7 _aأساليب البحث
650 1 7 _aالبحث
650 1 7 _aالعلوم
942 _2ddc
_cBK
999 _c124384
_d124384